Vista normal
Vista MARC
- Congreso Nacional de Genética Humana
Entrada Nombre congreso
Número de registros utilizados en: 1
001 - NÚMERO DE CONTROL
- campo de control: 2338
003 - IDENTIFICADOR DEL NÚMERO DE CONTROL
- campo de control: ES-MaFIAP
005 - FECHA Y HORA DE LA ÚLTIMA TRANSACCIÓN
- campo de control: 20231220132751.0
008 - DATOS DE LONGITUD FIJA
- campo de control de longitud fija: 231220|| aca||aabn | a|a d
040 ## - FUENTE DE LA CATALOGACIÓN
- Centro catalogador/agencia de origen: ES-MaFIAP
- Centro/agencia transcriptor: ES-MaFIAP
111 ## - ENCABEZAMIENTO--NOMBRE DE CONGRESO/REUNIÓN
- Nombre de congreso/reunión o jurisdicción como elemento de entrada: Congreso Nacional de Genética Humana
- Número del congreso/reunión o número de parte o sección: 21º
- Fecha del congreso o de la firma del tratado: 2001
- Sede del congreso/Lugar de la reunión: Oviedo
670 ## - FUENTE DE DATOS ENCONTRADOS
- Cita de la fuente: Work cat.: (ES-MaFIAP)915: Ética y genética , 2002





